| 000 | 02008nam a2200385 i 4500 | ||
|---|---|---|---|
| 001 | 768714001 | ||
| 003 | CO-MdFUSB | ||
| 005 | 20250811153015.0 | ||
| 007 | ta | ||
| 008 | 230304t2003 enk |||| |||| 00| 0 eng d | ||
| 020 | _a0664220908 | ||
| 040 |
_aCO-MdFUSB _bspa _cCO-MdFUSB _dCO-MdFUSBC _erda |
||
| 041 | _aeng | ||
| 082 |
_223 _a221.95 _bP969 |
||
| 100 |
_aProvan, Iain W. _eAutor |
||
| 245 | 0 |
_aA biblical history of Israel _c/ Iain W. Provan, V. Philips Long, Tremper Longman III |
|
| 264 | 1 |
_aLouisville (Kentuchy), Estados Unidos : _bWestminster John Knox Press, _c[2003] |
|
| 264 | 4 | _c©2003 | |
| 300 |
_a426 páginas _c; 23 cm |
||
| 336 |
_2rdacontent _atexto _btxt |
||
| 337 |
_2rdamedia _asin mediación _bn |
||
| 338 |
_2rdacarrier _avolumen _bnc |
||
| 500 | _aTraducido al español por la agencia catalogadora | ||
| 505 |
_gParte I:
_tHistoria, historiografía y la Biblia: _aPrefacio -- Cronología simplificada de los períodos arqueológicos en Canaán -- Lista de abreviaciones -- ¿La muerte de la historia bíblica? -- Saber y creer: la fe en el pasado -- Conociendo la historia de Israel -- Narrativa e historia: relatos sobre el pasado -- Una historia bíblica de Israel. _gParte II: _tUna historia de Israel desde Abraham hasta el período persa: _aAnte la tierra -- El establecimiento en la tierra -- La primera monarquía (fuentes para la monarquía israelita) -- La monarquía posterior: Salomón -- La monarquía posterior: los reinos divididos -- Exilio y después -- Conclusión |
||
| 563 | _aRústico | ||
| 630 | 0 | 7 |
_aBiblia. _pAntiguo Testamento _xCrítica, interpretación, etc. |
| 650 | 7 |
_aHermenéutica bíblica _2embne _97333 |
|
| 653 | _aHistoriografía bíblica Biblia -- Historia de los eventos bíblicos. -- Antiguo Testamento. | ||
| 653 | _aIsrael -- Historia -- Interpretación Bíblica | ||
| 700 |
_97860 _aLong, V. Philips, _eautor |
||
| 700 | 1 |
_9425 _aLongman, Tremper _eautor |
|
| 942 | _cBK | ||
| 945 | _aMag1104 | ||
| 999 |
_c68491 _d68491 |
||